Open Data Biblioteca Nacional de Portugal


República Portuguesa: Ministério da Cultura
Biblioteca Nacional de Portugal

Catálogo da BNP: acesso por Identificadores Unívocos
Registos Bibliográficos associados ao registo de autoridade

Etiqueta de registo: 00254nam 2200025 450
001 2286525
003 http://id.bnportugal.gov.pt/bib/catbnp/2286525
010 ## $a978-972-39-1037-7
021 ## $aPT$b559276/26
100 ## $a20260519d2026 m y0pory01030103ba
101 1# $apor$cspa
102 ## $aPT
105 ## $ay z 000yy
106 ## $ar
200 1# $aJanelas para Deus$eexperiência humana e exercício expiritual$fJosé A. García$gtrad. Odete Alves
210 #9 $aBraga$cApostolado da Oração,$d2026
215 ## $a293 p.$d22 cm
304 ## $aTít. orig.: Ventanas que dan a Dios. experiencia humana y ejercio espiritual
700 #1 $aGarcía,$bJosé A.,$f1937-$31998724
702 #1 $aAlves,$bOdete$4730$31973243
801 #0 $aPT$bBN$gRPC
966 ## $lBN$mFGMON$x1
966 ## $lBN$mFGMON$x1
971 ## $cisantos$d20260519

OpendataBNP@bnportugal.pt | Mais informação sobre acesso aos dados BNP